| 000 | 00475nam a2200169Ia 4500 | ||
|---|---|---|---|
| 005 | 20250424120232.0 | ||
| 008 | 250424s9999 xx 000 0 und d | ||
| 022 | _a26367068 | ||
| 050 | _aHV 6189 .D88/ | ||
| 245 | 0 | _aDutse journal of criminology and security studies (DUJCSS) | |
| 260 | _aJigawa state, Nigeria | ||
| 260 | _bYehison Nigeria Ltd. | ||
| 260 | _c2018 | ||
| 300 | _aii, 259 p. ; 24 cm. | ||
| 650 | _aWar and crime. Criminology. War crimes. | ||
| 942 | _cSR | ||
| 999 |
_c38160 _d38160 |
||